000 00500nam a22001937a 4500
003 OSt
005 20240514125026.0
008 240514b |||||||| |||| 00| 0 eng d
020 _a0521485924
040 _cDDC
082 _a530.15 PAN 1997
100 _4Pang Tao.
245 _aAn Introduction to Computational Physics.
260 _aUK,
_bCambridge University,
_c1997.
300 _aXvii;374p,
_bill,
_c24.7cm
504 _aReferences,index.
650 _aPhysics
_9809
942 _2ddc
_cO_SHELF
999 _c8330
_d8330